000 00310nam a2200121Ia 4500
008 220120s9999||||xx |||||||||||||| ||und||
100 _aHaykin, Simon
_9679
245 0 _aCommunication sy ems
250 _a4th
260 _aJohn wiely & sons Inc.
_bNew Delhi
_c2006
300 _a6420p
_b0
650 _aHUMANITIES
999 _c132430
_d132430